Представление документа в формате MARC21

Поле Инд. ПП Название Значение
Тип записи a
Библиографический уровень m
001 Контрольный номер RU/IPR SMART/121562
005 Дата корректировки 20240505201333.3
008 Кодируемые данные 221101s2021 RU y f j 000 1 rus u
020 a ISBN 978-5-8154-0565-3
040 c Служба, преобразующая запись IPR SMART
041 a Код языка текста rus
044 a Код страны публикации RU
080 a Индекс УДК 784.96
084 a Индекс другой классификации/Индекс ББК 85.314
100 1_ a Автор Гулая А. С.
245 a Заглавие Хоровой класс: исполнительская практика учебного народного хора
b Продолж. заглавия хрестоматия для студентов, обучающихся по направлению подготовки 53.03.04 «искусство народного пения», профиль «хоровое народное пение»
c Ответственность А. С. Гулая, А. В. Василенко
250 b Дополнительные сведения об издании 2027-07-01
a Основные сведения об издании Хоровой класс: исполнительская практика учебного народного хора
256 a Характеристики компьютерного файла Электрон. дан. (1 файл)
260 a Место издания Кемерово
b Издательство Кемеровский государственный институт культуры
c Дата издания 2021
300 a Объем 131 с.
500 a Примечание Гарантированный срок размещения в ЭБС до 01.07.2027 (автопролонгация)
516 a Прим. о типе комп. файла/ данных Текст
520 a Аннотация В хрестоматии представлены песни из репертуара различных детских и юношеских фольклорных коллективов и народных хоров, сгруппированные по разделам: «Календарный фольклор», «Необрядовый фольклор», «Духовные песни». Многие песни, вошедшие в хрестоматию, были опробованы с учебным хором предпрофессионального образования. Материалы хрестоматии рекомендуются студентам вузов культуры, которые проходят педагогическую практику, преподавателям дисциплин «Хоровой класс», «Фольклорный ансамбль» и руководителям коллективов предпрофессиональных (ДМШ и ДШИ) и средних специальных учебных заведений.
538 a Прим. о системных особенностях электронный
653 a Ключевые слова народный хор
653 a Ключевые слова песни
653 a Ключевые слова фольклорный коллектив
700 1_ a Другие авторы Василенко, А. В.
4 Код отношения 070
856 4_ u URL https://www.iprbookshop.ru/121562.html
z Примечание для пользователя Перейти к просмотру издания
901 t Тип документа m